<The> channel tunnel and regional development. Policy responses in Britain and France.

Analýza politickej reakcie na tunel medzi V. Britániou a Francúzskom z hľadiska hodnotenia dôsledkov ich oblastného rozvoja. Hodnotenie schopnosti britského a francúzskeho politického systému zaoberať sa takýmto rozsiahlym projektom. Mechanizmus koncepcie tunelu, krátkodobé a dlhodobé účinky dopravn...

Description complète

Enregistré dans:
Détails bibliographiques
Auteur principal: Hollyday, I.M
Autres auteurs: Vickerman, R.W
Format: Chapitre de livre
Langue:anglais
Sujets:
Tags: Ajouter un tag
Pas de tags, Soyez le premier à ajouter un tag!

MARC

LEADER 00000naa a2200000 4500
001 r003895
005 20220819191111.5
041 0 |a eng 
044 |a GB 
245 1 0 |a <The> channel tunnel and regional development. Policy responses in Britain and France.  |c I.M. Hollyday, R.W. Vickerman 
520 |a Analýza politickej reakcie na tunel medzi V. Britániou a Francúzskom z hľadiska hodnotenia dôsledkov ich oblastného rozvoja. Hodnotenie schopnosti britského a francúzskeho politického systému zaoberať sa takýmto rozsiahlym projektom. Mechanizmus koncepcie tunelu, krátkodobé a dlhodobé účinky dopravnej infraštruktúry. 
610 2 0 |a rozvoj regionálny 
610 2 0 |a Francúzsko 
610 2 0 |a Veľká Británia 
610 2 0 |a doprava 
610 2 0 |a politika 
610 2 0 |a infraštruktúra 
610 2 0 |a stavby inžinierske 
610 2 0 |a koncepcie 
100 1 |a Hollyday, I.M. 
700 1 |a Vickerman, R.W.